| 000 | 00355nam a22001337a 4500 | ||
|---|---|---|---|
| 020 | _a9780070606517 | ||
| 040 | _cNUST | ||
| 082 |
_a621.3 _bCAT |
||
| 100 |
_aJJ Cathey, S A Nasar _9123956 |
||
| 245 | _aBasic Electrical Engineering | ||
| 260 |
_aNew Delhi: _bTata Mcgraw Hill, _c2007. |
||
| 650 |
_aBasic Ecectrical Engineering _9123957 |
||
| 942 |
_2ddc _cBK |
||
| 999 |
_c609952 _d609952 |
||